| 000 | 01716nam a2200277Ia 4500 | ||
|---|---|---|---|
| 003 | OSt | ||
| 005 | 20221207143127.0 | ||
| 008 | 210310s1978 sp fr 001 0 spa d | ||
| 020 | _a8403180039 | ||
| 040 |
_aCO-JMCR _cCO-JMCR |
||
| 041 | 1 |
_aspa _heng |
|
| 082 | 0 | 4 |
_223 _a517.77 / _bA425a |
| 100 | 1 |
_aAllen, Roy George Douglas, _918057 _eautor |
|
| 245 | 1 | 0 |
_aAnálisis matemático para economistas / _cR.G.D. Allen ; traducción, adaptación y notas por Emilio de Figueroa |
| 250 | _aOctava edición | ||
| 260 |
_aMadrid : _bAguilar, _c1978 |
||
| 300 |
_axxiii, 548 páginas ; _c22 cm |
||
| 490 | 0 | _aBiblioteca de ciencias sociales: sección economía | |
| 500 | _aIncluye índice de autores y de materias | ||
| 504 | _aBibliografía: páginas xxi-xxiii | ||
| 505 | 0 | _aNúmeros y variables -- Funciones: su representación gráfica -- Geometría analítica elemental -- Límites y continuidad de las funciones -- Funciones y diagramas en la teoría económica -- Derivadas y su interpretación -- La técnica de la derivación -- Aplicación de las derivadas -- Funciones exponencial y logarítmica -- Funciones de dos o más variables -- Derivadas parciales y sus aplicaciones -- Diferenciales y diferenciación -- Problemas de máximos y mínimos -- Integrales de funciones de una variable -- Ecuaciones diferenciales -- Desarrollos en serie, fórmula de Taylor y diferenciales de orden superior -- Determinantes, ecuaciones lineales y formas cuadráticas -- Nuevos problemas de máximos y mínimos -- Algunos problemas de cálculo de variaciones | |
| 546 | _aTraducido del inglés | ||
| 650 | 1 | 4 |
_aAnálisis matemático _934759 |
| 700 | 1 |
_aFigueroa, Emilio de, _etraductor _94853 |
|
| 942 |
_2ddc _cBK |
||
| 999 |
_c14900 _d14900 |
||